00305nam a2200109Ia 4500008004100000020001500041040002900056050002500085100001700110245004500127260002300172230104s9999||||xx |||||||||||||| ||und|| a9966221573 cChuka University Library aPL 8703.5bN558 1999 aNJOGU KIMANI 0aUFUNDISHAJI WA FASIHI :NADHARIA NA MBINU aJKFbNAIROBIc1999